000 01025cam a2200181ua 4500
020 _c4.00
041 _aeng
_h
082 _a627.886
_bIND/CR
110 1 _aIndian standards institution .
_bISI
_c()
245 _aCriteria for design of silt vanes for sediment control in off-talking canals,6522-1972 /
_cIndian standards institution.
_hTextual Documents
250 _a1 /
_b.
260 _aNew Delhi :
_bIndian standards institution ,
_c1972.
300 _a10 ; .
365 _a4.00
504 _a
942 _cBK
999 _c7151
_d7151